000 nam a22 7a 4500
999 _c126821
_d126821
008 170829b xxu||||| |||| 00| 0 eng d
020 _a9781841010694
050 _aBX2230.2.M414
245 _aMass Culture
_bEucharist and mission ina post-modern world
_cedited by Pete Ward
260 _aOxford
_bThe Bible Reading Fellowship
_c1999
300 _a159p. ;
_c20cm.
650 _aEucharist
_935359
650 _aLord's supper
_935360
942 _2lcc
_cMONOGRAPH